Развитие гидрогеохимических исследований в ТПИ; Известия Томского политехнического института [Известия ТПИ]; Т. 195 : Итоги разработки некоторых научных направлений в Томском политехническом институте (в связи с его 75-летием)
| Parent link: | Известия Томского политехнического института [Известия ТПИ]/ Томский политехнический институт (ТПИ).— , 1944-1976 Т. 195 : Итоги разработки некоторых научных направлений в Томском политехническом институте (в связи с его 75-летием).— 1974.— [С. 62-69] |
|---|---|
| 1. autor: | |
| Kolejni autorzy: | , |
| Streszczenie: | Заглавие с титульного листа Электронная версия печатной публикации |
| Język: | rosyjski |
| Wydane: |
1974
|
| Hasła przedmiotowe: | |
| Dostęp online: | Черно-белая версия для предварительного просмотра Цветная версия без потери качества |
| Format: | Elektroniczne Rozdział |
| KOHA link: | https://koha.lib.tpu.ru/cgi-bin/koha/opac-detail.pl?biblionumber=221856 |
MARC
| LEADER | 00000nla2a2200000 4500 | ||
|---|---|---|---|
| 001 | 221856 | ||
| 005 | 20231031195830.0 | ||
| 035 | |a (RuTPU)RU\TPU\book\242037 | ||
| 035 | |a RU\TPU\book\242036 | ||
| 090 | |a 221856 | ||
| 100 | |a 20120915d1974 k y0rusy50 ca | ||
| 101 | 0 | |a rus | |
| 102 | |a RU | ||
| 135 | |a drnn ---uucaa | ||
| 181 | 0 | |a i | |
| 182 | 0 | |a b | |
| 200 | 1 | |a Развитие гидрогеохимических исследований в ТПИ |b Электронный ресурс |f П. А. Удодов, Н. М. Рассказов, С. Л. Шварцев | |
| 203 | |a Текст |c электронный | ||
| 215 | |a 2 файла (620 Кб, 12.7 Мб) | ||
| 230 | |a Электронные текстовые данные (2 файла : 620 Кб, 12.7 Мб) | ||
| 300 | |a Заглавие с титульного листа | ||
| 300 | |a Электронная версия печатной публикации | ||
| 337 | |a Adobe Reader | ||
| 461 | 1 | |0 (RuTPU)RU\TPU\book\200995 |t Известия Томского политехнического института [Известия ТПИ] |f Томский политехнический институт (ТПИ) |d 1944-1976 | |
| 463 | 1 | |0 (RuTPU)RU\TPU\book\242029 |t Т. 195 : Итоги разработки некоторых научных направлений в Томском политехническом институте (в связи с его 75-летием) |v [С. 62-69] |d 1974 |p 133 с. | |
| 610 | 1 | |a электронный ресурс | |
| 610 | 1 | |a труды учёных ТПУ | |
| 700 | 1 | |a Удодов |b П. А. |c российский ученый |c геохимик |c профессор Томского политехнического института |f 1903-1981 |g Павел Афанасьевич |2 stltpush |3 (RuTPU)RU\TPU\pers\9241 | |
| 701 | 1 | |a Рассказов |b Н. М. |c геолог |c профессор Томского политехнического университета, доктор геолого-минералогических наук |f 1932- |g Николай Михайлович |2 stltpush |3 (RuTPU)RU\TPU\pers\22123 | |
| 701 | 1 | |a Шварцев |b С. Л. |c российский гидрогеолог, доктор геолого-минералогических наук |c профессор Томского политехнического университета, академик РАЕН |f 1936- |g Степан Львович |2 stltpush |3 (RuTPU)RU\TPU\pers\25914 | |
| 801 | 1 | |a RU |b 63413507 |c 20090320 |g PSBO | |
| 801 | 2 | |a RU |b 63413507 |c 20121025 |g PSBO | |
| 856 | 4 | |u http://www.lib.tpu.ru/fulltext/v/Bulletin_TPU/1974/v195/08_bw.pdf |z Черно-белая версия для предварительного просмотра | |
| 856 | 4 | |u http://www.lib.tpu.ru/fulltext/v/Bulletin_TPU/1974/v195/08_full.pdf |z Цветная версия без потери качества | |
| 942 | |c CF | ||